000 00715nam a2200193Ia 4500
003 IN-BaIIA
008 211028s9999 xx 000 0 eng d
040 _cIIA Library
080 _a52-76
_bINF
111 _aFourth International Conference
_cFlorida
_d1979 Dec.10-15
_911890
245 0 _aInfrared and millimeter waves and their Applications
_cedited by S. Perkowitz
260 _aNew York
_bThe Institute of Electrical and Electronics Engineering
_c1979
300 _a[various pagings.]
650 _aAstronomy and Astrophysics thesaurus
650 _aInfrared Astronomy
_95673
650 _aMillimeter waves
_911592
700 _aPerkowitz, S., ed.
_911891
942 _cBK
999 _c6940
_d6940